| 000 | 00796nam a2200265Ia 4500 | ||
|---|---|---|---|
| 003 | OSt | ||
| 005 | 20220928115630.0 | ||
| 006 | a|||||r|||| 00| 0 | ||
| 007 | ta | ||
| 008 | 220927b |||||||| |||| 00| 0 eng d | ||
| 024 | _a153 | ||
| 037 | _cTextual | ||
| 040 |
_aSDCL _cSDCL _beng |
||
| 041 |
_2eng _aeng |
||
| 082 | _aX:8T, P6 | ||
| 100 |
_aMiozzo Marcela Ed. _9445227 |
||
| 245 | 0 |
_aKnowledge intensive business services _bOrganizational forms and national institutions |
|
| 260 |
_aCheltenham _bEdward Elgar _c2006 |
||
| 300 |
_axi,279p _ccm. |
||
| 650 |
_a Knowledge Management _9419522 |
||
| 650 | _aLabour Law | ||
| 700 |
_a Grimshaw Damion Ed. _9445228 |
||
| 942 |
_hX:8T, P6 _cTEXL _2CC |
||
| 999 |
_c760204 _d760204 |
||